| 000 | 00551nam a2200181 4500 | ||
|---|---|---|---|
| 999 |
_c171626 _d171626 |
||
| 005 | 20200116152108.0 | ||
| 010 | _aENG-127392 | ||
| 020 |
_a9789386473677 _c495.00 |
||
| 035 | _aEN-110924 | ||
| 037 | _bDBAD/PUB | ||
| 082 | _a921 | ||
| 100 | _aJehangir,Khalid | ||
| 245 |
_aThey Snatched My Playground _cby Jehangir,Khalid |
||
| 260 |
_aNew Delhi _bVitasta Publishing _c2019 |
||
| 270 |
_a2/15,Ansari-Road,Daryaganj _bNew Delhi _e110002 _minfo@vitastapublishing.com |
||
| 300 |
_aix;142p. _c22cm(hb) |
||
| 942 |
_2ddc _cEN _h921 _mJEH |
||